RICS UK commercial market survey (Record no. 115617)
[ view plain ]
| 000 -LEADER | |
|---|---|
| fixed length control field | 01006cad a22002175a 4500 |
| 001 - CONTROL NUMBER | |
| control field | L158988 |
| 008 - FIXED-LENGTH DATA ELEMENTS--GENERAL INFORMATION | |
| fixed length control field | 120731s2013 xxkad f s 000 0 eng d |
| 035 ## - SYSTEM CONTROL NUMBER | |
| System control number | (Sirsi) u158988 |
| 041 0# - LANGUAGE CODE | |
| Language code of text/sound track or separate title | eng |
| 110 2# - MAIN ENTRY--CORPORATE NAME | |
| Corporate name or jurisdiction name as entry element | Royal Institution of Chartered Surveyors |
| Subordinate unit | Economics |
| 9 (RLIN) | 5033 |
| 245 00 - TITLE STATEMENT | |
| Title | RICS UK commercial market survey |
| Remainder of title | Q2 2013 |
| Medium | [electronic resource] |
| 260 ## - PUBLICATION, DISTRIBUTION, ETC. | |
| Place of publication, distribution, etc. | London |
| Name of publisher, distributor, etc. | RICS |
| Date of publication, distribution, etc. | 2013 |
| 490 #0 - SERIES STATEMENT | |
| Series statement | RICS Commercial Market Survey United Kingdom |
| Volume/sequential designation | Q2 2013 |
| 520 ## - SUMMARY, ETC. | |
| Summary, etc. | Rent expectations have stabilised and investor activity is picking up. Rent expectations turn slightly positive at the headline level. Stock availability has decreased marginally. Capital values and investment transactions expected to increase. |
| 590 ## - LOCAL NOTE (RLIN) | |
| Local note | KA |
| 650 24 - SUBJECT ADDED ENTRY--TOPICAL TERM | |
| Topical term or geographic name entry element | RICS COMMERCIAL MARKET SURVEY |
| 651 #4 - SUBJECT ADDED ENTRY--GEOGRAPHIC NAME | |
| Geographic name | United Kingdom |
| 690 ## - LOCAL SUBJECT ADDED ENTRY--TOPICAL TERM (OCLC, RLIN) | |
| Topical term or geographic name as entry element | Commercial property |
| 9 (RLIN) | 6227 |
| 856 40 - ELECTRONIC LOCATION AND ACCESS | |
| Uniform Resource Identifier | <a href="https://www.rics.org/Global/RICS%20Commercial%20Property%20Market%20Survey%20Q2.pdf">https://www.rics.org/Global/RICS%20Commercial%20Property%20Market%20Survey%20Q2.pdf</a> |
| Public note | View this item free of charge at www.rics.org |
| 942 ## - ADDED ENTRY ELEMENTS (KOHA) | |
| Suppress in OPAC | 0 |
| Withdrawn status | Lost status | Source of classification or shelving scheme | Damaged status | Not for loan | Home library | Current library | Shelving location | Date acquired | Total Checkouts | Full call number | Barcode | Date last seen | Price effective from | Koha item type | Copy number |
|---|---|---|---|---|---|---|---|---|---|---|---|---|---|---|---|
| Dewey Decimal Classification | London | London | Gallery | 25/11/2015 | JOURNAL | 158988-1001 | 06/08/2019 | 06/08/2019 | Journal | ||||||
| Dewey Decimal Classification | Virtual | Virtual | Online | 25/11/2015 | ONLINE PUBLICATION | 158988-2001 | 06/08/2019 | 06/08/2019 | Book | 1 |